• 首页
  • 本馆介绍
  • 公告通知
  • 最新文献
  • 馆藏检索
  • 电子资源
  • 读者导购
  • 参考咨询
  • 我的图书馆
  • 登录
  • 详细信息显示
  • 放入我的书架
  • 预约/预借图书
  • 作者相关作品
  • 分类相关作品
  • 丛书相关作品
  • 出版社相关作品

书目信息

  • 表格格式
  • 工作单格式
  • 卡片格式
题名:
广雅疏证
    
 
作者: 王念孙 撰
分册: 下  
出版信息: 上海   上海古籍出版社  1983.06
页数: 一卷
开本: 20cm
丛书名:
单 册:
中图分类: H131.4
科图分类:
主题词: 汉语--语义学 , 汉语--词汇 , 汉语--语义 , 训诂
电子资源:
ISBN:
000 00642nam0 2200241 45
001 0207011477
005 20060419095140.04
010    @dCNY6.70
091    @a9186.24
100    @a20020701d1983 km y0chiy0120 ea
101 0  @achi
200 1  @a广雅疏证@AGuang Ya Shu Zheng@h下@f(清)王念孙撰@F(Qing)Wang Nian Sun Zhuan
210    @a上海@c上海古籍出版社@d1983.06
215    @a一卷@d20cm
305    @a据上海图书馆藏清嘉庆本影印
606 0  @a汉语@x语义学
606 0  @a汉语@x词汇
606 0  @a汉语@x语义
606 0  @a训诂
690    @aH131.4@v3
701  0 @a王念孙@Awang nian sun@4撰
801    @aCN@bTSTC@c20060419
905    @dH131.4@e46:3
    
    广雅疏证.下/(清)王念孙撰.-上海:上海古籍出版社,1983.06
    一卷;20cm
    
    
    ISBN :CNY6.70
    
●
相关链接 在E读中查询图书 在五车中查询图书 在当当中查询图书 在豆瓣中查询图书


正题名:广雅疏证     索取号:H131.4/46:3         预约/预借

序号 登录号 条形码 馆藏地/架位号 状态 备注
1 0092979   001825966   密集书库/ [索取号:H131.4/46:3] 在馆    
2 0092980   001825975   密集书库/ [索取号:H131.4/46:3] 在馆    
3 0092981   001710303   密集书库/ [索取号:H131.4/46:3] 在馆    
4 0117632   000838543   密集书库/ [索取号:H131.4/46:3] 在馆    
5 0117633   000838507   第二样本阅览室/ [索取号:H131.4/46:3] 在馆    
6 0165067   000838491   密集书库/ [索取号:H131.4/46:3] 在馆    
7 0172791   000838534   第四借阅区/ [索取号:H131.4/46:3] 在馆    
8 0172792   202272584   密集书库/ [索取号:H131.4/46:3] 在馆    
唐山师范学院图书馆 欢迎您!
大连网信软件有限公司© 版权所有